000
00279nam a22001217a 4500
008
170726b xxu||||| |||| 00| 0 eng d
041
_a
eng
080
_2
2ND
_a
004
100
_a
004
101
_a
SHK
245
_a
COMPUTERS AND THEIR APPLICATIONS
_c
PARKER,CH.S
942
_2
udc
_c
BK
999
_c
21914
_d
21914